| 000 | 00983nam a2200265 i 4500 | ||
|---|---|---|---|
| 001 | bg | ||
| 100 | 1 | _aSkrzypek, Jerzy. | |
| 245 | 1 | 0 |
_aZasady konstrukcji studium wykonalności lub biznesplanu dla projektów współfinansowanych ze środków UE / _cJerzy Skrzypek. |
| 260 |
_aWarszawa : _bTwigger, _c2007. |
||
| 300 |
_a236, [1] s. : _bil. _c21 cm. |
||
| 490 | 1 |
_aJak skutecznie wykorzystać fundusze unijne 2007-2013 _v2 |
|
| 500 | _aNa okł. nazwa projektu edukacyjnego : "Europejska Akademia Samorządowa". | ||
| 650 | 9 |
_aZarządzanie projektami _zkraje Unii Europejskiej |
|
| 650 | 9 | _aFundusze strukturalne UE | |
| 830 | _aJak skutecznie wykorzystać fundusze unijne 2007-2013 | ||
| 020 | _a9788388904868 | ||
| 040 | _cBPK | ||
| 041 | 0 | _apol | |
| 044 | _aPOL | ||
| 080 | _a339.7:339.92:005.51:005.8](4-67) | ||
| 920 | _a978-83-88904-86-8 | ||
| 942 | _cKS | ||
| 008 | s pl f |000 0 pol | ||
| 999 |
_c55145 _d55145 |
||
| 856 |
_uhttp://koha.tu.koszalin.pl/cgi-bin/koha/opac-detail.pl?biblionumber=55145 _yKatalog online BPK |
||